000 00510nam a22001697a 4500
003 CEME
005 20210628204639.0
008 210222b xxu||||| |||| 00| 0 eng d
040 _c.
082 _a621.38 SHA'D
100 _aShanmugan, K. Sam
_971530
245 _aDigital and analog communications
260 _aNEWYORK
_bJOHN WILEY
_c1994
300 _a600P
650 _aSIGNAL THEORY ;TELECOMMUNICATION INFORMATION THEORY DIGITAL COMMUNICATION TELECOMMUNICATION ACC NO-30130
_971531
942 _cBK
_2ddc
999 _c577995
_d577995